|
|
|
|
| LEADER |
00885nam a22002057a 4500 |
| 008 |
150205b xxu||||| |||| 00| 0 eng d |
| 020 |
|
|
|a 9788182659056
|
| 082 |
|
|
|a 894.14 VKN
|
| 100 |
|
|
|a വി. കെ. എന്
|
| 240 |
|
|
|a Njaninmel kali
|
| 245 |
|
|
|a ഞാണിന്മേല് കളി /
|c വി. കെ. എന്
|
| 250 |
|
|
|a 2nd ed.
|
| 260 |
|
|
|a കോഴിക്കോട് :
|b ഭരത,
|c 2014. (2004)
|
| 300 |
|
|
|a 104p.
|
| 650 |
|
|
|a Essays
|
| 700 |
|
|
|a V.K.N
|
| 942 |
|
|
|2 ddc
|c BK
|
| 999 |
|
|
|c 10011
|d 10011
|
| 952 |
|
|
|0 0
|1 0
|2 ddc
|4 0
|6 894_140000000000000_VKN
|7 0
|9 14164
|a MAIN
|b MAIN
|d 2015-02-06
|e Mathrubhumi Books
|g 80.00
|l 2
|m 2
|o 894.14 VKN
|p 14287
|r 2018-04-13
|s 2018-01-29
|t 1
|w 2015-02-06
|y BK
|
| 952 |
|
|
|0 0
|1 0
|2 ddc
|4 0
|6 894_140000000000000_VKN
|7 0
|9 14165
|a MAIN
|b MAIN
|d 2015-02-06
|e Mathrubhumi Books
|g 80.00
|l 1
|o 894.14 VKN
|p 14288
|r 2018-06-13
|s 2018-05-11
|t 2
|w 2015-02-06
|y BK
|